| 000 | 006070000a22002170004500 | ||
|---|---|---|---|
| 003 | LK-CoMWRAF | ||
| 005 | 20230920152314.0 | ||
| 008 | 230817t1991 ||||| |||| 00| 0 eng d | ||
| 020 | _a9694322502 | ||
| 040 |
_aLK-CoMWRAF _dLK-CoMWRAF _eLK-CoMWRAF |
||
| 041 | _aeng | ||
| 082 |
_a297.197 _bCHA |
||
| 100 | _aChaudhry, Muhammad Sharif | ||
| 245 | _aWomen's Rights in Islam | ||
| 260 |
_aLahore: _bSh. Shahzad Riaz, _c1991 |
||
| 300 | _axiv, 204 p. ; 22 cm. | ||
| 650 | _aWOMEN'S RIGHTS-Religious aspects-Islam | ||
| 650 | _aMuslim women -- Conduct of life | ||
| 650 | _aWomen in Islam | ||
| 942 | _cBK | ||
| 999 |
_c1704 _d1704 |
||